El capitán Cristóbal de Rojas ingeniero militar del siglo XVI / (Record no. 7406)
[ view plain ]
| 000 -CABECERA | |
|---|---|
| campo de control de longitud fija | 00762cam a2200193 a 4500 |
| 001 - NÚMERO DE CONTROL | |
| campo de control | 000007626 |
| 005 - FECHA Y HORA DE LA ÚLTIMA TRANSACCIÓN | |
| campo de control | 20200929154234.0 |
| 008 - DATOS DE LONGITUD FIJA--INFORMACIÓN GENERAL | |
| campo de control de longitud fija | 860915s1985 sp a b f000 0bspa |
| 020 ## - NÚMERO INTERNACIONAL ESTÁNDAR DEL LIBRO | |
| Número Internacional Estándar del Libro | 8474333482 |
| 040 ## - FUENTE DE LA CATALOGACIÓN | |
| Centro catalogador/agencia de origen | DO-SdBNP |
| Lengua de catalogación | spa |
| Centro/agencia transcriptor | BNPHU |
| 082 ## - NÚMERO DE LA CLASIFICACIÓN DECIMAL DEWEY | |
| Número de clasificación | 923.587 |
| Número de documento/Ítem | R741M |
| 100 1# - ENTRADA PRINCIPAL--NOMBRE DE PERSONA | |
| Nombre de persona | Mariátegui, Eduardo de. |
| 9 (RLIN) | 21157 |
| 245 13 - MENCIÓN DE TÍTULO | |
| Título | El capitán Cristóbal de Rojas ingeniero militar del siglo XVI / |
| Mención de responsabilidad, etc. | Eduardo de Mariátegui. |
| 260 ## - PUBLICACIÓN, DISTRIBUCIÓN, ETC. | |
| Lugar de publicación, distribución, etc. | Madrid : |
| Nombre del editor, distribuidor, etc. | CEDEX, Centro de Estudios y Experimentación de Obras Publicas ; |
| -- | CEHOPU, Comisión de Estudios Históricos de Obras Públicas y Urbanismo, |
| Fecha de publicación, distribución, etc. | 1985. |
| 300 ## - DESCRIPCIÓN FÍSICA | |
| Extensión | 132 p. : |
| Otras características físicas | il. ; |
| Dimensiones | 30 cm. |
| 490 1# - MENCIÓN DE SERIE | |
| Mención de serie | Biblioteca CEHOPU |
| 600 14 - PUNTO DE ACCESO ADICIONAL DE MATERIA--NOMBRE DE PERSONA | |
| Nombre de persona | ROJAS, CRITÓBAL DE, |
| Fechas asociadas al nombre | 1858-1890 |
| 9 (RLIN) | 21158 |
| 650 #4 - PUNTO DE ACCESO ADICIONAL DE MATERIA--TÉRMINO DE MATERIA | |
| Término de materia o nombre geográfico como elemento de entrada | Ingenieros militares |
| Subdivisión geográfica | España |
| 9 (RLIN) | 21159 |
| Estado de retiro | Estado de pérdida | Restricciones de uso | No para préstamo | Código de colección | Localización permanente | Ubicación/localización actual | Ubicación en estantería | Fecha de adquisición | Número de inventario | Total de préstamos | Signatura topográfica completa | Código de barras | Fecha visto por última vez | Precio válido a partir de | Tipo de ítem Koha | Número de copia |
|---|---|---|---|---|---|---|---|---|---|---|---|---|---|---|---|---|
| Excluido de préstamo | Monografías: Libros y Folletos | General | General | Depósito | 09.09.2009 | LF1 | 923.587 R741M | 7626-10 | 25.06.2020 | 25.06.2020 | No se presta | |||||
| Extraviado | Excluido de préstamo | Monografías: Libros y Folletos | General | General | Extraviado | 26.05.2017 | LF1 | 923.587 R741M | 7626-20 | 25.06.2020 | 25.06.2020 | No se presta | e. 2 |
